Plant ecology.

Guardat en:
Dades bibliogràfiques
Autors principals: Schulze, Ernst Detlef (Autor), Beck, Erwin (Autor), Buchmann, Nina (Autor), Clemens, Stephan (Autor), Müller-Hohenstein, Klaus (Autor), Scherer-Lorenzen, Michael (Autor), Arneth, Almuth (Autor), Dormann, Carsten F. (Autor), Schaefer, H.Martin (Autor), Sierra, Carlos (Autor), Zaehle, Sönke (Autor)
Format: Desconegut
Publicat: Berlin, Germany: Springer, 2019.
Edició:Second edition.
Matèries:
Etiquetes: Afegir etiqueta
Sense etiquetes, Sigues el primer a etiquetar aquest registre!

MARC

LEADER 00000 a2200000 4500
003 CL-VaPUC
005 20231205105734.0
008 231127t2019 ||||| |||| 00| 0 eng d
999 |c 442078  |d 442076 
020 |a 978-3-662-56231-4 
040 |c Pontificia Universidad Católica de Valparaíso 
082 7 |a 581.7 SCH 2019  |2 22 
100 |a Schulze, Ernst Detlef  |9 332854  |e author 
245 |a Plant ecology. 
250 |a Second edition.  
260 |a Berlin, Germany:  |b Springer,  |c 2019. 
300 |a xxi, 926 páginas :  |b ilustraciones.  
583 |k GC  |c 20231127 
650 0 |a Ecología vegetal   |9 264247 
650 0 |a Fisiología vegetal  |9 260158 
700 |a Beck, Erwin  |9 594003  |e author 
700 |a Buchmann, Nina  |e author  |9 886220 
700 |a Clemens, Stephan   |e author  |9 886221 
700 |a Müller-Hohenstein, Klaus  |9 594004  |e author 
700 |a Scherer-Lorenzen, Michael   |e author  |9 886222 
700 |a Arneth, Almuth  |e author  |9 886223 
700 |a Dormann, Carsten F.  |e author  |9 886224 
700 |a Schaefer, H.Martin   |e author  |9 886225 
700 |a Sierra, Carlos  |e author  |9 886226 
700 |a Zaehle, Sönke  |e author  |9 886227 
942 |2 ddc  |c BK 
952 |0 0  |1 0  |2 ddc  |4 0  |6 581_700000000000000_SCH_2019  |7 0  |8 A  |9 592675  |a BIBCUR  |b BIBCUR  |c GEN  |d 2023-11-27  |e 13  |g 112336.00  |i 5659672  |o 581.7 SCH 2019  |p 5659672  |r 2025-04-22  |t 1  |v 112336.00  |w 2023-11-27  |y BK  |k BIO 
952 |0 0  |1 0  |2 ddc  |4 0  |6 581_700000000000000_SCH_2019  |7 0  |8 A  |9 592676  |a BIBCUR  |b BIBCUR  |c GEN  |d 2023-11-27  |e 13  |g 112336.00  |i 5659673  |o 581.7 SCH 2019  |p 5659673  |r 2025-04-22  |t 2  |v 112336.00  |w 2023-11-27  |y BK  |k BIO